Введение в финансовое право: учебное пособие

Detaylı Bibliyografya
Diğer Yazarlar: Джу Чхунши (редактор)
Özet:Книга на китайском языке.
Dil:Çince
Baskı/Yayın Bilgisi: Пекин, Право, 2004
Edisyon:2-е изд.
Konular:
Materyal Türü: MixedMaterials Kitap
KOHA link:https://koha.lib.tpu.ru/cgi-bin/koha/opac-detail.pl?biblionumber=117667

MARC

LEADER 00000nam0a2200000 4500
001 117667
005 20231031123855.0
010 |a 7503652519 
035 |a (RuTPU)RU\TPU\book\127368 
090 |a 117667 
100 |a 20070605d2004 m y0rusy50 ca 
101 0 |a chi 
102 |a CN 
105 |a y j 000zy 
200 1 |a Введение в финансовое право  |e учебное пособие  |f под ред. Джу Чхунши 
205 |a 2-е изд. 
210 |a Пекин  |c Право  |d 2004 
215 |a 427 с. 
300 |a Книга на китайском языке. 
610 1 |a право 
610 1 |a финансы 
610 1 |a финансовое право 
610 1 |a банки 
610 1 |a валютная система 
610 1 |a ценные бумаги 
610 1 |a Китай 
610 1 |a учебные пособия 
686 |a Х63(5Кит)  |v LBC/SL-A  |2 rubbk 
702 0 |a Джу Чхунши  |4 340 
801 1 |a RU  |b 63413507  |c 20070605  |g PSBO 
801 2 |a RU  |b 63413507  |c 20220530  |g PSBO 
942 |c BK